| 000 | 01790cam a22004454i 4500 | ||
|---|---|---|---|
| 003 | PE-LiUPU | ||
| 005 | 20250731172939.0 | ||
| 008 | 150623s r 000 0 d | ||
| 020 | _a0802841724 | ||
| 035 | _a(Sirsi) i9780802841728 | ||
| 040 |
_aPE-LiUPU _bspa _cPE-LiUPU _erda |
||
| 049 | _aPRUA | ||
| 082 | 0 | 4 |
_a262.14 _bF81 _221 |
| 100 | 1 |
_aFrance, R.T., _eautor. |
|
| 245 | 1 | 0 |
_aWomen in the church's ministry : _ba test-case for biblical interpretation / _cR. T. France. |
| 264 | 1 |
_aMichigan : _bWilliam B. Eerdmans Publishing Company, _c1997. |
|
| 300 |
_a96 páginas ; _c22 centímetros |
||
| 336 |
_atext _2rdacontent |
||
| 337 |
_aunmediated _2rdamedia |
||
| 338 |
_avolume _2rdacarrier |
||
| 505 | 0 | _aOpposite Conclusions from the same Bible: How Can This Be?.- Men and Women in the new testament: Authority and submission in the home and in the Church?.- I permit no woman to teach or to have authority over a man: New testament prohibitions and the ministry of women today.- Womennn in the new testament Church and in the Church today: continuity and development. | |
| 526 | _aSEG42 | ||
| 526 | _aSEG41 | ||
| 526 | _aSEG40 | ||
| 526 | _aSEG39 | ||
| 526 | _aP94 | ||
| 526 | _aP87 | ||
| 526 | _aP86 | ||
| 526 | _aP85 | ||
| 526 | _aP77 | ||
| 526 | _aP76 | ||
| 526 | _aP35 | ||
| 650 | 0 | 4 |
_aMujeres en la iglesia _xEnseñanza bíblica. |
| 942 |
_2ddc _cBOOK |
||
| 949 |
_a262.14 F81 _wDEWEY _c1 _i44495 _lCCODEBUL1 _mBUL _r0 _sY _tBOOK _u2015-6-24 _xTEOLOGIA _PP35 _0COMPRA _o.STAFF. Colección General |
||
| 994 |
_aC0 _bPEPRU |
||
| 596 | _a1 | ||
| 999 |
_a262.14 F81 _wDEWEY _c21375 _i44495 _f2021-11-10 _g5 _lCCODEBUL1 _mBUL _q1 _r0 _sY _tBOOK _u2015-6-24 _xTEOLOGIA _PP35 _0COMPRA _o.STAFF. Colección General _d21375 |
||
| 980 |
_81 _gALBERTO SANCHEZ Responsable de Automatización |
||